Những định luật bất biến của quảng cáo Bóc trần những sai lầm triệu độ có thể khiến công ty bạn khánh kiệt vì quảng cáo
Đây là cuốn sách hiếm hoi vạch trần những sai lầm tai hại mà giới quảng cáo chuyên nghiệp lẫn các nhà kinh doanh thường xuyên mắc phải, dẫn đến thiệt hại về doanh thu, thậm chí phá sản vì vung tiền tỉ làm quảng cáo...
Guardado en:
| Autor principal: | |
|---|---|
| Otros Autores: | |
| Formato: | Libro |
| Lenguaje: | Undetermined |
| Publicado: |
H.
Dân trí
2014
|
| Materias: | |
| Acceso en línea: | http://lrc.tdmu.edu.vn/opac/search/detail.asp?aID=2&ID=25035 |
| Etiquetas: |
Agregar Etiqueta
Sin Etiquetas, Sea el primero en etiquetar este registro!
|
| Thư viện lưu trữ: | Trung tâm Học liệu Trường Đại học Thủ Dầu Một |
|---|
| LEADER | 01167nam a2200229Ia 4500 | ||
|---|---|---|---|
| 001 | TDMU_25035 | ||
| 008 | 210410s9999 xx 000 0 und d | ||
| 082 | |a 659.1 | ||
| 090 | |b R201 | ||
| 100 | |a Reeves, Rosser | ||
| 245 | 0 | |a Những định luật bất biến của quảng cáo | |
| 245 | 0 | |b Bóc trần những sai lầm triệu độ có thể khiến công ty bạn khánh kiệt vì quảng cáo | |
| 245 | 0 | |c Rosser Reeves; Phan Nguyễn Khánh Đan (dịch) | |
| 260 | |a H. | ||
| 260 | |b Dân trí | ||
| 260 | |c 2014 | ||
| 300 | |a 215tr. | ||
| 520 | |a Đây là cuốn sách hiếm hoi vạch trần những sai lầm tai hại mà giới quảng cáo chuyên nghiệp lẫn các nhà kinh doanh thường xuyên mắc phải, dẫn đến thiệt hại về doanh thu, thậm chí phá sản vì vung tiền tỉ làm quảng cáo | ||
| 650 | |a Quảng cáo |x Hoạt động | ||
| 700 | |a Phan, Nguyễn Khánh Đan | ||
| 856 | |u http://lrc.tdmu.edu.vn/opac/search/detail.asp?aID=2&ID=25035 | ||
| 980 | |a Trung tâm Học liệu Trường Đại học Thủ Dầu Một | ||